Southville International School and Colleges
Your cart is empty.
  • Cart
  • Lists
    Public lists Eva Luna New books Lux_list list_1
    Your lists Log in to create your own lists
  • Log in to your account
  • Your cookies
  • Search history
Southville International School and Colleges
  • Advanced search
  • Recent comments
  • Most popular
  • Libraries

Log in to your account

Log in with GOOGLE


If you do not have an external account, but do have a local account, you can still log in:

  1. Home
  2. MARC view: The rough-face girl /
Normal view MARC view ISBD view

The rough-face girl / (Record no. 358275)

[ view plain ]
MARC details
000 -LEADER
fixed length control field 00695nam a2200277Ia 4500
008 - FIXED-LENGTH DATA ELEMENTS--GENERAL INFORMATION
fixed length control field 180803s9999 xx 000 0 und d
020 ## - INTERNATIONAL STANDARD BOOK NUMBER
International Standard Book Number 0590469320
050 ## - LIBRARY OF CONGRESS CALL NUMBER
Item number M382 1992
100 ## - MAIN ENTRY--PERSONAL NAME
Personal name Martin, Rafe
245 #4 - TITLE STATEMENT
Title The rough-face girl /
245 #0 - TITLE STATEMENT
Statement of responsibility, etc by Rafe Martin ; illustrated by David Shannon.
260 ## - PUBLICATION, DISTRIBUTION, ETC. (IMPRINT)
Place of publication, distribution, etc Broadway, New York :
260 ## - PUBLICATION, DISTRIBUTION, ETC. (IMPRINT)
Name of publisher, distributor, etc Scholastic,
260 ## - PUBLICATION, DISTRIBUTION, ETC. (IMPRINT)
Date of publication, distribution, etc 1992
300 ## - PHYSICAL DESCRIPTION
Extent unpaged :
300 ## - PHYSICAL DESCRIPTION
Other physical details colored ;
300 ## - PHYSICAL DESCRIPTION
Dimensions 28cm.
500 ## - GENERAL NOTE
General note 540
650 ## - SUBJECT ADDED ENTRY--TOPICAL TERM
Topical term or geographic name as entry element Algonquian Indians --
650 ## - SUBJECT ADDED ENTRY--TOPICAL TERM
Topical term or geographic name as entry element Cinderella (Tale).
650 ## - SUBJECT ADDED ENTRY--TOPICAL TERM
Topical term or geographic name as entry element Indians of North America --
650 ## - SUBJECT ADDED ENTRY--TOPICAL TERM
General subdivision Legends.
650 ## - SUBJECT ADDED ENTRY--TOPICAL TERM
General subdivision Legends.
700 ## - ADDED ENTRY--PERSONAL NAME
Personal name Shannon, David.
700 ## - ADDED ENTRY--PERSONAL NAME
Personal name Title.
Holdings
Withdrawn status Lost status Damaged status Home library Current library Shelving location Date acquired Cost, normal purchase price Total Checkouts Full call number Barcode Date last seen Price effective from Koha item type
      Stonyhurst Southville International School (Malarayat) Stonyhurst Southville International School (Malarayat)   08/03/2018 0.00   LEX M382 1992 SSISM5553 08/03/2018 08/03/2018 Lexile

The rough-face girl /

APA

Martin R., Shannon D. & Title.The rough-face girl. Broadway, New York: .

Chicago

Martin Rafe, Shannon David and Title.The rough-face girl. Broadway, New York: .

Harvard

Martin R., Shannon D. and Title.The rough-face girl. Broadway, New York: .

MLA

Martin Rafe, Shannon David and Title.Broadway, New York: . .

  • Place hold
  • Print
  • Cite
  • Add to your cart (remove)
  • Save record
    BIBTEX Dublin Core MARCXML MARC (non-Unicode/MARC-8) MARC (Unicode/UTF-8) MARC (Unicode/UTF-8, Standard) MODS (XML) RIS
  • More searches
    Search for this title in:
    Other Libraries (WorldCat) Other Databases (Google Scholar) Online Stores (Bookfinder.com) Open Library (openlibrary.org)

Exporting to Dublin Core...

SOUTHVILLE LIBRARY

Southville International School and Colleges Library

1281 Tropical Ave. Cor. Luxembourg St., BF Homes International, Las Pinas City

Tel. No. 8256374 / 252358 Loc. 117/146

Powered by Koha